Psych- Shawn Spencer - Statistics

General Stats
  • This quiz has been taken 80 times
  • The average score is 7 of 10
Answer Stats
Hint Answer % Correct
Who (besides guys and his father) is the first to find out he is faking? Juliet
97%
Best (and only) Friend Burton Guster
96%
Father Henry Spencer
96%
"I've heard it ____ ____" Both ways
91%
Job Psychic Detective
76%
What criminal is obsessed with him? Yang
71%
Girlfriend/Wife Juliet O'Hara
69%
What cereal is on the green T-shirt he wears? Apple Jacks
53%
High school Crush (and girlfriend for short while) Abigail Lytar
37%
In what episode does that happen? Turn Right or left for dead
0%
No matching quizzes found
Score Distribution
Percent of People with Each Score
Percentile by Number Answered
Your Score History
You have not taken this quiz